Statistics for American or Asian Countries by HDI

Click here to take the quiz!

General Stats

  • This quiz has been taken 30 times
  • The average score is 26 of 30

Answer Stats

HDICountry% Correct
0.922Canada
100%
0.915Japan
100%
0.854Chile
96%
0.795Costa Rica
96%
0.935Singapore
96%
0.906South Korea
96%
0.919United States
96%
0.834Argentina
92%
0.805Bahamas
92%
0.845Brunei
92%
0.905Israel
92%
0.804Malaysia
92%
0.830Oman
92%
0.797Panama
92%
0.857Saudi Arabia
92%
0.866United Arab Emirates
92%
0.838Bahrain
88%
0.806Kuwait
88%
0.848Qatar
88%
0.803Turkey
88%
0.769Brazil
85%
0.765Thailand
85%
0.824Uruguay
85%
0.778Cuba
77%
0.773Saint Kitts and Nevis
77%
0.799Trinidad and Tobago
77%
0.873Cyprus
73%
0.786Georgia
73%
0.817Kazakhstan
69%
0.808Russia
62%

Score Distribution

Percentile by Number Answered

Percent of People with Each Score

Your Score History

You have not taken this quiz